Catálogo
 En Linea

¡Yo también acuso! : (Registro nro. 20945)

Detalles MARC
000 -CABECERA
campo de control de longitud fija 01477nam a2200265 a 4500
001 - NÚMERO DE CONTROL
campo de control 000021445
005 - FECHA Y HORA DE LA ÚLTIMA TRANSACCIÓN
campo de control 20240508073815.0
008 - DATOS DE LONGITUD FIJA--INFORMACIÓN GENERAL
campo de control de longitud fija 100908s2011 dr acd grn 001 0dspa d
020 ## - NÚMERO INTERNACIONAL ESTÁNDAR DEL LIBRO
Número Internacional Estándar del Libro 9789945074345
040 ## - FUENTE DE LA CATALOGACIÓN
Centro catalogador/agencia de origen DO-SdBNP
Lengua de catalogación spa
Centro/agencia transcriptor BNPHU
082 ## - NÚMERO DE LA CLASIFICACIÓN DECIMAL DEWEY
Número de clasificación 972.93053
Número de documento/Ítem L256yo, 2011
100 1# - ENTRADA PRINCIPAL--NOMBRE DE PERSONA
Nombre de persona Landestoy, Carmita,
Numeración 1880-1988
9 (RLIN) 44737
245 10 - MENCIÓN DE TÍTULO
Título ¡Yo también acuso! :
Resto del título Rafael Leónidas Trujillo tirano de la República Dominicana /
Mención de responsabilidad, etc. Carmita Landestoy ; edición al cuidado de Tomás Castro Burdiéz.
250 ## - MENCIÓN DE EDICIÓN
Mención de edición 4a. ed.
300 ## - DESCRIPCIÓN FÍSICA
Extensión 279p. :
Otras características físicas il., gráfcs., retrs. ;
Dimensiones 25 cm.
490 1# - MENCIÓN DE SERIE
Mención de serie Archivo General de la Nación
Designación de volumen o secuencia 41
500 ## - NOTA GENERAL
Nota general Incluye índice
505 0# - NOTA DE CONTENIDO CON FORMATO
Información miscelánea Carmita Landestoy: una mujer contra la dictadura de Trujillo /
Mención de responsabilidad Alejandro Paulino Ramos --
Título A manera de prólogo --
-- Por qué escribo este libro --
-- Consideraciones generales acerca de las dictaduras en América --
-- Tiranía de Trujillo en la República Dominicana --
-- El progreso material --
-- Los monopolios de Trujillo y sus familiares --
-- ¿En qué leyes se apoya Trujillo para permanecer en el poder?
-- La filosofía de Trujillo.
590 ## - NOTA LOCAL (RLIN)
Nota local Inventariado, 2019/BT
650 #4 - PUNTO DE ACCESO ADICIONAL DE MATERIA--TÉRMINO DE MATERIA
Término de materia o nombre geográfico como elemento de entrada Persecuciones políticas
Subdivisión general República dominicana
9 (RLIN) 44738
651 #4 - PUNTO DE ACCESO ADICIONAL DE MATERIA--NOMBRE GEOGRÁFICO
Nombre geográfico República Dominicana
Subdivisión general Política Y Gobierno
Subdivisión cronológica ERA DE TRUJILLO, 1930-1961
9 (RLIN) 1374
700 1# - PUNTO DE ACCESO ADICIONAL--NOMBRE DE PERSONA
Nombre de persona Paulino Ramos, Alejandro,
Fechas asociadas al nombre 1951-
Término indicativo de función/relación pról.
9 (RLIN) 325
700 ## - PUNTO DE ACCESO ADICIONAL--NOMBRE DE PERSONA
Nombre de persona Castro, Tomás,
Fechas asociadas al nombre 1959-
Numeración 1959-,
Término indicativo de función/relación ed.
9 (RLIN) 24641
910 ## - DATOS DE OPCIÓN DEL USUARIO (OCLC)
Datos de opción del usuario Validado. Control de calidad. EMS
Existencias
Estado de retiro Estado de pérdida Restricciones de uso No para préstamo Código de colección Localización permanente Ubicación/localización actual Ubicación en estantería Fecha de adquisición Número de inventario Total de préstamos Signatura topográfica completa Código de barras Fecha visto por última vez Número de copia Precio válido a partir de Tipo de ítem Koha
        Dominicana de Servicio General General Depósito 13.12.2018 LF1   972.93053 L256yó, 2011 21445-40 25.06.2020 e. 4 25.06.2020 Libro y Folleto Colección Dominicana de Servicio
      Excluido de préstamo Patrimonio Dominicano Patrimonio Dominicano Patrimonio Dominicano Depósito 08.09.2010 LF1   972.93053 L256yó, 2011 21445-10 25.06.2020   25.06.2020 Libro y Folleto Colección Patrimonio Dominicano
      Excluido de préstamo Patrimonio Dominicano Patrimonio Dominicano Patrimonio Dominicano Depósito 14.12.2011 LF1   972.93053 L256yó, 2011 21445-20 25.06.2020 e. 2 25.06.2020 Libro y Folleto Colección Patrimonio Dominicano
        Dominicana de Servicio Patrimonio Dominicano Patrimonio Dominicano Depósito 21.05.2013 LF1   972.93053 L256yó, 2011 21445-30 25.06.2020 e. 3 25.06.2020 Libro y Folleto Colección Dominicana de Servicio

Con tecnología Koha